000 00651nam a22002177a 4500
003 0
005 20230818141836.0
008 230818b xxu||||| |||| 00| 0 eng d
020 _a978-971-0445-81-3
050 _aNX 440
_b.M321 2021
245 _aIntroduction to the humanities visual & performing arts
_cLucivilla Marcos
250 _aRevised edition
260 _aManila
_bMindshapers Co., Inc.
_cc2021.
300 _ax, 178 pages :
_bill. ;
_c23 cm.
500 _aHumanities.
504 _aIncludes bibliographical references.
650 _aHumanities.
650 _aPerforming arts.
700 _aMarcos, Lucivilla
942 _2lcc
_cBK
999 _c365181
_d365181